000 005140000a22001810004500
020 _a0-687-15974-1
041 0 _aENG
082 0 4 _aG 253.52 C6412g
100 1 _aClinebell, Howard J.
245 1 0 _aGrowth counseling : Hope-centered methods of actualizing human wholeness / Howard Clinebell
260 _aNashville, TENN., USA : Abingdon
300 _a204 Pag
001 6517
942 _cBK
999 _c36787
_d36787
336 _atexto
_btxt
_2rdacontent
337 _2rdamedia
_asin mediación
_bn
338 _2rdacarrier
_avolumen
_bnc